000 01129cam a22001935a 4500
001 L155344
008 120319s1757 xxk f 000 0 eng d
035 _a(Sirsi) u155344
041 0 _aeng
100 1 _aMaxwell, Robert
_d1695-1765
245 0 4 _aThe practical husbandman
_bBeing a collection of miscellaneous papers on husbandry, &c. By Robert Maxwell, Esq; of Arkland
260 _aEdinburgh
_bPrinted by C. Wright and Company, for the author: sold by him; J. Paton, Hamilton and Balfour, Kincaid and Donaldson, W. Sands, W. Miller, G. Crawfurd, W. Gordon, Yair and Fleming J. Brown, C. Wright, L. Hunter, Gray and Peters, Booksellers, Edinburgh: A. Stalker, D. Baxter, J. Gilmour, Booksellers, Glasgow: F. Douglas, Aberdeen: J. More, Dundee; and E. Wilson, Dumsries
_cM.DCC.LVII. [1757]
300 _axii, 432, [6] p., plate
_c8o
520 _a"This book is partly made up of papers .. [from transactions of .. the Society of Improvers in the Knowledge of Agriculture in Scotland]".
583 _aCondition reviewed
_c20120620
_lcondition level 1
651 4 _aGreat Britain
_y1707-
690 _aRural
_96268
942 _n0
999 _c113492
_d113492